Missing Word: Famous Criminals A-Z Quiz Stats

 Plays Quiz not verified by Sporcle

Also try: Birth Flowers
Challenge
Share
Tweet
Score 0/24 Timer 03:00
0 Plays Today
Hint Answer % Correct
____ the Kid - 1859-1881Billy
95.2%
O.J. ____ - 1947-presentSimpson
92.9%
____ Bundy - 1946-1989Ted
90%
Al ____ - 1899-1947Capone
89.5%
Jack the ____ - late 19th c.Ripper
89%
Jesse ____ - 1847-1882James
85.2%
John ____ Booth - 1838-1865Wilkes
83.8%
John Wayne ____ - 1942-1994Gacy
80%
Baby ____ Nelson - 1908-1934Face
73.8%
____ Wilde - 1854-1900Oscar
73.3%
Machine Gun ____ - 1895-1954Kelly
72.9%
____ Borden - 1860-1927Lizzie
71%
Hint Answer % Correct
'____' (Ted Kaczynski) - 1942-presentUnabomber
69.5%
John ____ - 1903-1934Dillinger
58.6%
Bonnie ____ - 1910-1934Parker
58.6%
____ Wuornos - 1956-2002Aileen
57.1%
____ Kelly - c.1855-1880Ned
53.8%
____ Fleiss - 1965-presentHeidi
52.4%
Émile ____ - 1840-1902Zola
47.1%
Adolph ____ - 1906-1962Eichmann
33.3%
____ Surratt - c. 1820-1865Mary
27.6%
____ Genovese - 1897-1969Vito
26.7%
Jiang ____ - 1914-1991Qing
26.2%
____ Amir - 1970-presentYigal
6.7%

You're not logged in!

Compare scores with friends on all Sporcle quizzes.
OR
Log In

You Might Also Like...

Show Comments

Extras

Top Quizzes Today


Score Distribution

Your Account Isn't Verified!

In order to create a playlist on Sporcle, you need to verify the email address you used during registration. Go to your Sporcle Settings to finish the process.

Report this User

Report this user for behavior that violates our Community Guidelines.

Details: